مكتبة جامعة عجلون الوطنية

فهرس بحث المكتبة

Normal view MARC view
  • الثقافة- الاستراتيجية-الاردن

Entry Topical Term

Number of records used in: 1

001 - CONTROL NUMBER

  • control field: 49515

003 - CONTROL NUMBER IDENTIFIER

  • control field: JO-AjAnu

005 - DATE AND TIME OF LATEST TRANSACTION

  • control field: 20230606082147.0

008 - FIXED-LENGTH DATA ELEMENTS

  • fixed length control field: 230606|| aca||aabn | a|a d

040 ## - CATALOGING SOURCE

  • Original cataloging agency: JO-AjAnu
  • Transcribing agency: JO-AjAnu

150 ## - HEADING--TOPICAL TERM

  • Topical term or geographic name entry element: الثقافة- الاستراتيجية-الاردن

670 ## - SOURCE DATA FOUND

  • Source citation: Work cat.: (JO-AjAnu)25320: اعداد رابطة الكتاب الاردنيين, author 49514, نحواستراتيجية ثقافية وطنية: أوراق العمل التي تم تداولها في الحلقة البحثية التي عقدتها رابطة الكتاب الأردنيين في مركز الحسين الثقافي 16-17/2/ 2002